000 00535cam a22002051 4500
001 sa 67002651
003 DLC
005 20260227112332.0
008 750512s1966 xx 000 0 eng
010 _asa 67002651
035 _a(OCoLC)1326644
040 _aDLC
_cVtU
_dDLC
042 _apremarc
050 0 0 _aDS485.K2
_bP85
100 1 _aPuri, Balraj.
245 1 0 _aJammu--a clue to Kashmir tangle.
260 _a[New Delhi,
_c1966]
300 _a107 p.
_c22 cm.
651 0 _aJammu and Kashmir (India)
_xPolitics and government.
999 _c73353
_d73353